|
|
|
|
| LEADER |
00960nam a2200265 a 4500 |
| 001 |
013354684 |
| 008 |
100406s2007 enka 001 0 eng d |
| 999 |
|
|
|c 7973
|d 7973
|
| 010 |
|
|
|a 2003545061
|
| 020 |
|
|
|a 9780711225336 (hbk.)
|
| 020 |
|
|
|a 0711225338 (hbk.)
|
| 040 |
|
|
|a StDuBDS
|b eng
|c StDuBDS
|d BD-DhAAL
|
| 082 |
0 |
4 |
|a 712.0904
|2 22
|
| 100 |
1 |
|
|a Campbell, Katie,
|d 1957-
|9 31823
|
| 245 |
1 |
0 |
|a Icons of twentieth-century landscape design /
|c Katie Campbell.
|
| 260 |
|
|
|a London :
|b Frances Lincoln,
|c c2007
|
| 300 |
|
|
|a 176 p. :
|b ill. ;
|c 31 cm.
|
| 500 |
|
|
|a Formerly CIP.
|5 Uk
|
| 504 |
|
|
|a Includes index.
|
| 526 |
|
|
|a ARC
|
| 541 |
1 |
|
|e 00018650
|
| 650 |
|
0 |
|a Landscape design
|x History
|y 20th century.
|9 31824
|
| 852 |
4 |
|
|a Ayesha Abed Library
|j General shelf
|
| 942 |
0 |
0 |
|0 1
|2 ddc
|c BK
|
| 952 |
|
|
|0 0
|1 0
|2 ddc
|4 0
|6 712_090400000000000_CAM_2007
|7 0
|9 9008
|a BRACUL
|b BRACUL
|c GEN
|d 2010-04-06
|l 11
|m 28
|o 712.0904 CAM
|p 3010018650
|r 2026-01-28
|s 2024-01-22
|t 1
|w 2010-04-06
|y BK
|